Les capitales des micro-états et îles souveraines - Statistiques

Statistiques générales
  • Ce quiz a été pris 68 fois
  • Le résultat moyen est 24 sur 33
Statistiques - réponses
Pays / île Capitale % Correct
Andorre Andorre-la-Vieille
100%
Monaco Monaco
93%
Malte La Valette
90%
Comores Moroni
90%
Chypre Nicosie
90%
Cap-Vert Praia
90%
Saint-Marin Saint-Marin
90%
Maldives Malé
88%
Singapour Singapour
88%
Vatican Vatican
88%
Liechtenstein Vaduz
85%
Seychelles Victoria
85%
Bhoutan Thimphou
83%
Bahamas Nassau
80%
Maurice Port-Louis
80%
Barbade Bridgetown
78%
Lesotho Maseru
78%
Grenade Saint-Georges
73%
Sao Tomé-et-Principe Sao Tomé
73%
Sainte-Lucie Castries
71%
Antigua-et-Barbuda Saint John's
71%
Fidji Suva
71%
Nauru Yaren
63%
Saint-Christophe-et-Niévès Basseterre
61%
Tuvalu Funafuti
59%
Tonga Nuku'alofa
59%
Vanuatu Port-Vila
59%
Palaos Ngerulmud
56%
Kiribati Tarawa
56%
Micronésie Palikir
54%
Îles Salomon Honiara
51%
Îles Marshall Majuro
51%
Brunei Bandar Seri Begawan
24%
Aucun quiz correspondant
Distribution des résultats
% des personnes avec chaque résultat
Percentile par nombre de réponses
Votre historique - résultats
Vous n’avez pas pris ce quiz